IN & OUT (Record n. 106743)

Dettagli MARC
000 -LEADER
fixed length control field 01763agaaa2200313 4500
001 - CONTROL NUMBER
control field 5959
003 - CONTROL NUMBER IDENTIFIER
control field IT-RoPAU
005 - DATE AND TIME OF LATEST TRANSACTION
control field 20220918181250.0
007 - PHYSICAL DESCRIPTION FIXED FIELD--GENERAL INFORMATION
fixed length control field d cvaizq
008 - FIXED-LENGTH DATA ELEMENTS--GENERAL INFORMATION
fixed length control field 50131s9999||||xx ||| | || ||und||
040 ## - CATALOGING SOURCE
Original cataloging agency IT-RoPAU
Transcribing agency IT-RoPAU
041 ## - LANGUAGE CODE
Language code of text/sound track or separate title ITALIANO
100 ## - MAIN ENTRY--PERSONAL NAME
Personal name Oz Frank
Miscellaneous information Codice regista SPICS: 40204
9 (RLIN) 41522
130 ## - MAIN ENTRY--UNIFORM TITLE
Uniform title IN & OUT
9 (RLIN) 48502
245 ## - TITLE STATEMENT
Title IN & OUT
Statement of responsibility, etc. Prodotto da: Rudin Scott -- Sceneggiatura: Rudnick Paul -- Diretto da: Oz Frank
Name of part/section of a work IN & OUT (Rif. Codice opera principale : F5959)
250 ## - EDITION STATEMENT
Edition statement Edizione Standard
260 ## - PUBLICATION, DISTRIBUTION, ETC. (IMPRINT)
Place of publication, distribution, etc. (USA)
Name of publisher, distributor, etc. SPELLING FILMS INTERNATIONAL / Distribuzione: LUCKY RED HOME VIDEO
Date of manufacture "1998 (1° ed.: 1998 ; Ed. Lingua Orig.: 1997)"
300 ## - PHYSICAL DESCRIPTION
Extent VHS
Other physical details sonoro, col.
Dimensions 90 minuti
508 ## - CREATION/PRODUCTION CREDITS NOTE
Creation/production credits note "Fotografia: Hahn Rob; Montaggio: Hanley D. Jympson J.; Musica: Shaiman Marc; Sceneggiatura: Rudnick Paul; Scenografia: Adam Ken; "
511 ## - PARTICIPANT OR PERFORMER NOTE
Participant or performer note "Kline Kevin; Cusack Joan; Selleck Tom; Dillon Matt; Reynolds Debbie"
520 ## - SUMMARY, ETC.
Summary, etc. CAMERON DRAKE, UN EX ALLIEVO DI HOWARD BRACKETT, PREMIATO CON L'OSCAR PER L'INTERPRETAZIONE DI UN SOLDATO GAY, NEL DISCORSO DI RINGRAZIAMENTO PARLA CON LEGGEREZZA DELL'OMOSESSUALITA' CHE IL SUO PROFESSORE DI LICEO AVREBBE TENUTA NASCOSTA A SE STESSO E AGLI ALTRI. LA VITA DI HOWARD, CHE STA PER SPOSARSI, VIENE SCONVOLTA. PETER MALLOY, GIORNALISTA TELEVISIVO GAY, E' DECISO A FAR AMMETTERE A HOWARD DI ESSERE GAY.
538 ## - SYSTEM DETAILS NOTE
System details note PAL, STEREO
546 ## - LANGUAGE NOTE
Language note ITALIANO
650 ## - SUBJECT ADDED ENTRY--TOPICAL TERM
Topical term or geographic name as entry element COMMEDIA
Relator term FILMS [VHS]
General subdivision Codice MATERIA SPICS: 9960
9 (RLIN) 48503
700 ## - ADDED ENTRY--PERSONAL NAME
Personal name Oz Frank
Relator term (regista)
Miscellaneous information Codice regista SPICS: 40204
9 (RLIN) 41522
700 ## - ADDED ENTRY--PERSONAL NAME
Personal name Rudnick Paul
Relator term (soggetto)
Miscellaneous information Codice Soggetto SPICS: 52260
9 (RLIN) 48504
700 ## - ADDED ENTRY--PERSONAL NAME
Personal name Shaiman Marc
Relator term (musica)
Miscellaneous information Codice Musica SPICS: 35113
9 (RLIN) 48505
942 ## - ADDED ENTRY ELEMENTS (KOHA)
Koha item type VHS - VIDEO
Source of classification or shelving scheme Dewey Decimal Classification
Dati di copia
Withdrawn status Lost status Damaged status Not for loan Home library Current library Date acquired Total Checkouts Full call number Date last seen Price effective from Koha item type Public note
    Buone Condizioni Not For Loan SPICS-MEDIATECA SPICS-MEDIATECA 31/01/2015   F5959 31/01/2015 31/01/2015 VHS - VIDEO Progr. Ins.: 2985 / N.Vol.:1 / Copie: 1 / Pag.:0 / Copia rara: n.d. / date import: 1.2.2015 / By Epidotti, Trombetti, Vaglietti
CREDITS: SOCIETA' SAN PAOLO Via A.Severo, 58 - ROMA (RM) & PERIODICI SAN PAOLO SRL Via Giotto, 36 MILANO & CISF Via Giotto, 36 MILANO & EDIZIONI SAN PAOLO SRL,  Piazza Soncino, 5 CINISELLO BALSAMO (MI) -- ITALY